00876nam a2200217 a 450000100100000000500170001000800410002702000150006804000250008308200150010810000260012324500360014926000420018530000210022749000150024883000210026395201130028495201190039795201250051699900170064100003767120201002031111.0121024s2009 mx 000 0 spa d a9685146462 aDO-SdBNPbspacBNPHU axxxbH587b1 aHesse, Hermann96413410aBajo la rueda /cHermann Hesse. aMéxico :bEdiciones Leyenda,c2009. a150 p. ;c21 cm.1 aClásicos 0aClásicos99850 001050718MOaGRbGRcCTd2012-10-24iLF1l0oxxx H587bp37671-10r2020-06-25w2020-06-25y1ZNo se presta 001050718MOaGRbGRcCTd2012-10-24iLF1l0oxxx H587bp37671-20r2020-06-25te. 2w2020-06-25y1ZNo se presta 001054708MOaGRbGRcCTd2012-10-24iLF1l0oxxx H587bp37671-30r2020-06-25te. 3w2020-06-25y4ZPréstamo en sala c37161d37161